| 000 | 00804nam a2200229 a 4500 | ||
|---|---|---|---|
| 999 |
_c10812 _d10812 |
||
| 001 | 10812 | ||
| 003 | BD-JhCC | ||
| 005 | 20190417081419.0 | ||
| 008 | 190417s20052016bg |||| |||| 000 0 BEN d | ||
| 020 | _a9848330429 | ||
| 035 | _a(BD-JhCC)10812 | ||
| 040 |
_aBD-JhCC _dBD-JhCC |
||
| 041 | _aben | ||
| 082 |
_a833.914 _bGRA 2016 |
||
| 100 | _aগ্রাস, গুন্টার | ||
| 245 |
_aমাই সেঞ্চুরি / _cগুন্টার গ্রাস, মোহাম্মদ মাঈন উদ্দিন (অনু.) |
||
| 260 |
_aঢাকা : _bঅন্যধারা _c২০১৬ |
||
| 300 |
_a২৫৫ পৃ. : _c১৯ সেমি. |
||
| 650 |
_aShort stories _zGerman |
||
| 700 | _aউদ্দিন, মোহাম্মদ মাঈন | ||
| 942 |
_2ddc _cBK |
||